| 000 | 01091nam a22002537a 4500 | ||
|---|---|---|---|
| 005 | 20170124103012.0 | ||
| 010 | _aA-755940 | ||
| 020 | _c125.00 | ||
| 035 | _aA-755940 | ||
| 037 | _bCen Lib/Ret | ||
| 040 |
_aDPL _bHN |
||
| 082 |
_aउ _bइन्द्रास्व |
||
| 100 |
_aइन्द्रा 'स्वप्न' _957841 |
||
| 245 |
_aनिर्भीक सन्यासी : _cइन्द्रा 'स्वप्न' _bस्वामी रामतीर्थ / |
||
| 246 |
_aNirbheek sanyasi : Swami Ramtirtha / _bby Indra Swapna |
||
| 260 |
_aदिल्ली _bविक्रम प्रकाशन _c1995 |
||
| 270 |
_bदिल्ली _aई-5/13, कृष्णनगर _e110051 |
||
| 300 |
_a290पृ. _c18मी(सजिल्द) |
||
| 650 |
_aहिन्दी साहित्य _957842 |
||
| 650 |
_aहिन्दी साहित्य -- उपन्यास _946379 |
||
| 650 |
_aHindi literature _957843 |
||
| 650 |
_aHindi literature -- Fiction _957844 |
||
| 942 |
_2ddc _cHN _hउ _mइन्द्रास्व |
||
| 999 |
_c114674 _d114674 |
||